Biosecurity for highly pathogenic avian influenza : Issues and option
It aims to describe in detail the current situation of and state of knowledge about biosecurity in relation to H5N1 HPAL, particularly for countries endemically infected with HPAL or at a high risk of introduction and highlight specific issues and propose possible options for biosecurity in importan...
שמור ב:
| מחבר תאגידי: | |
|---|---|
| פורמט: | ספר |
| שפה: | Undetermined |
| יצא לאור: |
Rome
Food and Agriculture Oragization of the United Nations
2008
|
| נושאים: | |
| תגים: |
הוספת תג
אין תגיות, היה/י הראשונ/ה לתייג את הרשומה!
|
| Thư viện lưu trữ: | Trung tâm Học liệu Trường Đại học Cần Thơ |
|---|
| LEADER | 01062nam a2200205Ia 4500 | ||
|---|---|---|---|
| 001 | CTU_172926 | ||
| 008 | 210402s9999 xx 000 0 und d | ||
| 082 | |a 636.5089 | ||
| 082 | |b F686 | ||
| 110 | |a Food and Agriculture Oragization of the United Nations | ||
| 245 | 0 | |a Biosecurity for highly pathogenic avian influenza : | |
| 245 | 0 | |b Issues and option | |
| 245 | 0 | |c Food and Agriculture Oragization of the United Nations | |
| 260 | |a Rome | ||
| 260 | |b Food and Agriculture Oragization of the United Nations | ||
| 260 | |c 2008 | ||
| 520 | |a It aims to describe in detail the current situation of and state of knowledge about biosecurity in relation to H5N1 HPAL, particularly for countries endemically infected with HPAL or at a high risk of introduction and highlight specific issues and propose possible options for biosecurity in important parts of the domestic poultry and captive bird sector. | ||
| 650 | |a Avian influenza,Dịch cúm gia cầm | ||
| 904 | |i Lan, Hồng Cẩm, K.Mi | ||
| 980 | |a Trung tâm Học liệu Trường Đại học Cần Thơ | ||